<?xml version="1.0" encoding="UTF-8"?>
<record
    xmlns:xsi="http://www.w3.org/2001/XMLSchema-instance"
    xsi:schemaLocation="http://www.loc.gov/MARC21/slim http://www.loc.gov/standards/marcxml/schema/MARC21slim.xsd"
    xmlns="http://www.loc.gov/MARC21/slim">

  <leader>01162nam a22002417a 4500</leader>
  <controlfield tag="003">AR-RoUNCS</controlfield>
  <controlfield tag="005">20260511152328.0</controlfield>
  <controlfield tag="007">ta</controlfield>
  <controlfield tag="008">260511s1980    sp |||||r|||| 00| 1 spa d</controlfield>
  <datafield tag="020" ind1=" " ind2=" ">
    <subfield code="a">840206809X</subfield>
  </datafield>
  <datafield tag="040" ind1=" " ind2=" ">
    <subfield code="a">AR-RoUNCS</subfield>
    <subfield code="b">spa</subfield>
    <subfield code="c">AR-RoUNCS</subfield>
  </datafield>
  <datafield tag="041" ind1="1" ind2=" ">
    <subfield code="a">spa</subfield>
    <subfield code="h">eng</subfield>
  </datafield>
  <datafield tag="100" ind1="1" ind2=" ">
    <subfield code="a">Hemingway, Ernest,</subfield>
    <subfield code="d">1899-1961</subfield>
    <subfield code="e">autor</subfield>
  </datafield>
  <datafield tag="245" ind1="1" ind2="0">
    <subfield code="a">Adi&#xF3;s a las armas / </subfield>
    <subfield code="c">Ernest Hemingway.</subfield>
  </datafield>
  <datafield tag="250" ind1=" " ind2=" ">
    <subfield code="a">1a ed.</subfield>
  </datafield>
  <datafield tag="260" ind1=" " ind2=" ">
    <subfield code="a">Barcelona : </subfield>
    <subfield code="b">Bruguera,</subfield>
    <subfield code="c">1980.</subfield>
  </datafield>
  <datafield tag="300" ind1=" " ind2=" ">
    <subfield code="a">315 p. ; </subfield>
    <subfield code="c">18 cm.</subfield>
  </datafield>
  <datafield tag="490" ind1="0" ind2=" ">
    <subfield code="a">Colecci&#xF3;n de Literatura Universal Bruguera ; </subfield>
    <subfield code="v">6</subfield>
  </datafield>
  <datafield tag="520" ind1=" " ind2=" ">
    <subfield code="a">Narra una historia de amor entre el soldado joven e idealista llamado Frederick Henry con la enfermera Catherine Barkley en la Italia de la Primera Guerra Mundial.

La novela es en su mayor parte autobiogr&#xE1;fica. Ernest Hemingway realmente fue conductor de ambulancias voluntario en el ej&#xE9;rcito italiano, fue herido en las piernas y conoci&#xF3; a una enfermera con la que vivi&#xF3; una historia similar de amor. Esto le permiti&#xF3; usar sus recuerdos para crear un relato b&#xE9;lico crudo y realista.</subfield>
  </datafield>
  <datafield tag="650" ind1=" " ind2="7">
    <subfield code="2">embne</subfield>
    <subfield code="a">Literatura norteamericana</subfield>
  </datafield>
  <datafield tag="655" ind1=" " ind2="7">
    <subfield code="2">embne</subfield>
    <subfield code="a">Novelas</subfield>
  </datafield>
  <datafield tag="942" ind1=" " ind2=" ">
    <subfield code="2">udc</subfield>
    <subfield code="c">OG</subfield>
    <subfield code="n">0</subfield>
  </datafield>
  <datafield tag="999" ind1=" " ind2=" ">
    <subfield code="c">1009</subfield>
    <subfield code="d">1009</subfield>
  </datafield>
  <datafield tag="952" ind1=" " ind2=" ">
    <subfield code="0">0</subfield>
    <subfield code="1">0</subfield>
    <subfield code="2">udc</subfield>
    <subfield code="4">0</subfield>
    <subfield code="7">0</subfield>
    <subfield code="8">CG</subfield>
    <subfield code="a">ESOCIALES</subfield>
    <subfield code="b">ESOCIALES</subfield>
    <subfield code="d">2026-05-11</subfield>
    <subfield code="e">Donaci&#xF3;n 2026</subfield>
    <subfield code="l">0</subfield>
    <subfield code="o">82-31(73) H488</subfield>
    <subfield code="p">000966</subfield>
    <subfield code="r">2026-05-11 15:25:00</subfield>
    <subfield code="w">2026-05-11</subfield>
    <subfield code="y">OG</subfield>
  </datafield>
</record>
